[Event "Vaxjo op"]
[Site "Vaxjo"]
[Date "2025.02.07"]
[Round "2"]
[White "Spang, Lukas"]
[Black "Walinder, Lars"]
[Result "1-0"]
[WhiteElo "1935"]
[BlackElo "2203"]
[PlyCount "37"]
[EventDate "2025.02.07"]
[EventType "swiss"]
[EventRounds "8"]
[EventCountry "SWE"]
[SourceTitle "CB07_2025"]
[SourceDate "2025.02.12"]
[SourceVersion "1"]
[SourceVersionDate "2025.02.12"]
[SourceQuality "1"]

1. e4 e6 2. d4 d5 3. e5 c5 4. c3 Qb6 5. Nf3 Nc6 6. Bd3 Nh6 7. 0-0 cxd4 8. Re1 Be7 9. Nbd2 dxc3 10. bxc3 Nf5 11. Rb1 Qc7 12. c4 0-0 13. Bxf5 exf5 14. cxd5 Nb4 15. d6 Bxd6 16. exd6 Qxd6 17. Ba3 a5 18. Nc4 Qxd1 19. Rexd1 1-0